00568nam a2200145Ia 4500008004100000020001400041040002900055050002200084100003600106245009200142260004100234942000700275952012300282999001700405230222s9999||||xx |||||||||||||| ||und|| a841205574 cChuka University Library aTP 370 bC44 1980 aAmerican Chemical Society96654 0aChemistry and the food system:a study by the committee on Chemistry and public affairs  aACSbWashington D.C. | newyorkc1980 cBK 00102lcc40708LGLaCHKbCHKcGENd2023-02-22l0oTP 370 .C44 1980p276/2006r2023-02-22 00:00:00t4w2023-02-22yBK c11333d11333